| 000 | 01236nam a22002657a 4500 | ||
|---|---|---|---|
| 005 | 20170124103033.0 | ||
| 010 | _aA-988941 | ||
| 020 |
_c160.00 _a818747665 |
||
| 035 | _aA-988941 | ||
| 037 | _bCen Lib/Ret | ||
| 040 |
_aDPL _bHN |
||
| 082 |
_aक _bअबऔ |
||
| 245 |
_aअब! और नहीं / _cसंपादक दिनेशनन्दिनी डालमिया [एवं] रश्मि मलहोत्रा |
||
| 246 |
_aAb! or nahi / _bsampadak Dineshnanadani Dalmiya [and] Rashmi Malhotra |
||
| 260 |
_a दिल्ली _bआलोकपर्व प्रकाशन _c1999 |
||
| 270 |
_a1/6588, पूर्वी रोहतास नगर, शाहदरा _b दिल्ली _e110032 |
||
| 300 |
_a152पृ. _c16सेमी (सजिल्द) |
||
| 650 |
_aहिंदी साहित्य _964390 |
||
| 650 |
_aहिंदी साहित्य _xकहानियां _964391 |
||
| 650 |
_aHindi literature _964392 |
||
| 650 |
_aHindi literature _xStories _964393 |
||
| 700 |
_aडालमिया, दिनेशनन्दिनी _964394 |
||
| 700 |
_aमलहोत्रा, रश्मि _964395 |
||
| 942 |
_2ddc _cHN _hक _mअबऔ |
||
| 999 |
_c116015 _d116015 |
||